Il diritto negli Stati sabaudi: fonti ed istituzioni, secoli XV-XIX.
Uloženo v:
| Hlavní autor: | |
|---|---|
| Další autoři: | |
| Médium: | Kniha |
| Jazyk: | italština |
| Vydáno: |
Turín, Italia
G. Giappichelli
2008
|
| Témata: | |
| Tagy: |
Přidat tag
Žádné tagy, Buďte první, kdo vytvoří štítek k tomuto záznamu!
|
MARC
| LEADER | 00000cam a2200000 a 4500 | ||
|---|---|---|---|
| 001 | UCF3066 | ||
| 003 | CL-VaPUC | ||
| 005 | 20210608001407.0 | ||
| 008 | 120927e20080000IT |||||||||||||||||ita|d | ||
| 999 | |c 349587 |d 349585 | ||
| 020 | |a 9788834887592 | ||
| 040 | |c Pontificia Universidad Católica de Valparaíso | ||
| 082 | 0 | 4 | |a 340.9 SOF 2008 |2 21 |
| 100 | 0 | |a Soffietti, Isidoro |9 564976 | |
| 245 | 1 | 3 | |a Il diritto negli Stati sabaudi: fonti ed istituzioni, secoli XV-XIX. |
| 260 | 0 | 3 | |a Turín, Italia |b G. Giappichelli |c 2008 |
| 300 | |a 290 páginas. | ||
| 583 | |a last modification |c 20120927 15:26:00 |k Rodrigo Vera | ||
| 650 | 0 | |a Historia del derecho |9 255109 | |
| 650 | 0 | |a Absolutismo |9 257456 | |
| 650 | 0 | |a Derecho constitucional |9 222588 | |
| 650 | 0 | |a Fuentes del derecho |9 255162 | |
| 700 | 0 | |a Montanari, Carlo |9 564977 | |
| 942 | |c BK |2 ddc | ||
| 945 | |d 20120927 00:00:00 |a cmena | ||
| 952 | |0 0 |1 0 |2 ddc |4 0 |6 340_900000000000000_SOF_2008 |7 0 |8 DER_HIS |9 452252 |a BIBDER |b BIBDER |d 2019-11-22 |i 4905814 |o 340.9 SOF 2008 |p 4905814 |r 2023-01-25 |t 1 |w 2019-11-22 |x Ubicación 4to Piso |y BK |z Estos recursos deben solicitarse con anticipación |k DER | ||